[Event "DVM U20 2014"]
[Site "Naumburg (Saale) GER"]
[Date "2014.12.28"]
[Round "3"]
[White "von Koslowski, Utz"]
[Black "Neumair, Jerome"]
[Result "0-1"]
[Termination "normal"]
[Board "5.3"]
[WhiteElo "1892"]
[BlackElo "2122"]
[WhiteTeam "TuS Coswig"]
[BlackTeam "SG Solingen"]
[PlyCount "100"]
[WhiteFideId "12964247"]
[BlackFideId "24672637"]
[EventCountry "GER"]
[EventRounds "7"]
[EventType "team-swiss"]
[EventDate "2014.12.26"]

1. Nf3 d5 2. d4 Nf6 3. c4 e6 4. e3 Nbd7 5. Bd3 c6 6. O-O Bd6 7. Nbd2 O-O 8. b3
b6 9. Bb2 Bb7 10. Rc1 c5 11. Qc2 Qc7 12. e4 dxe4 13. Nxe4 Nxe4 14. Bxe4 Bxe4
15. Qxe4 cxd4 16. Bxd4 e5 17. Bb2 Nc5 18. Qf5 f6 19. Rcd1 g6 20. Qh3 Rad8 21.
Qh6 Rf7 22. g3 Bf8 23. Qe3 Rfd7 24. Rxd7 Qxd7 25. Qe2 Nd3 26. Bc1 Nxc1 27. Rxc1
Qd3 28. Rc2 Bb4 29. Qxd3 Rxd3 30. Kg2 Kf7 31. Re2 Ke6 32. g4 g5 33. h3 Rd1 34.
h4 h6 35. Kh2 a5 36. hxg5 hxg5 37. Kg2 Kd6 38. Rc2 Kc5 39. Nh2 Kd4 40. Nf1 Kd3
41. Ne3 Re1 42. a3 Rxe3 43. Ra2 Re2 44. Rxe2 Kxe2 45. axb4 axb4 46. Kg3 e4 47.
Kg2 Kd2 48. Kf1 e3 49. fxe3 Kxe3 50. Ke1 Kf3 0-1

[Event "DVM U20 2014"]
[Site "Naumburg (Saale) GER"]
[Date "2014.12.28"]
[Round "3"]
[White "Reksten, Daniel"]
[Black "Merker, Konstantin"]
[Result "1-0"]
[Termination "normal"]
[Board "5.4"]
[WhiteElo "1895"]
[BlackElo "1663"]
[WhiteTeam "SG Solingen"]
[BlackTeam "TuS Coswig"]
[PlyCount "95"]
[WhiteFideId "24692590"]
[BlackFideId "12964239"]
[EventCountry "GER"]
[EventRounds "7"]
[EventType "team-swiss"]
[EventDate "2014.12.26"]

1. d4 Nf6 2. c4 g6 3. Nc3 Bg7 4. e4 d6 5. h3 O-O 6. Nf3 c5 7. d5 e6 8. Bd3 exd5
9. cxd5 a6 10. a4 Nbd7 11. O-O Rb8 12. Bf4 Qc7 13. Rc1 Re8 14. Re1 Nh5 15. Bh2
Bh6 16. Rb1 Nf4 17. Ne2 Nxd3 18. Qxd3 b5 19. axb5 axb5 20. b3 Ba6 21. Bf4 Bg7
22. Qc2 Rb6 23. Bd2 b4 24. Be3 Bb5 25. Nd2 Ne5 26. Nc1 Rb7 27. f4 Nd7 28. Nc4
Nb6 29. Nxb6 Rxb6 30. e5 Rbb8 31. Na2 Rbc8 32. Rbc1 dxe5 33. Qxc5 Qd7 34. Qxb4
exf4 35. Bxf4 Rxe1+ 36. Qxe1 Rxc1 37. Qxc1 Qa7+ 38. Kh2 Bd7 39. Nb4 Qb7 40. Qc4
Bb5 41. Qe4 Bd7 42. Nc6 Bf6 43. b4 Qb5 44. Ne7+ Bxe7 45. Qxe7 Bxh3 46. Qd8+ Kg7
47. Be5+ Kh6 48. Qh4# 1-0

[Event "DVM U20 2014"]
[Site "Naumburg (Saale) GER"]
[Date "2014.12.28"]
[Round "3"]
[White "Pührer, Anne"]
[Black "Porstmann, Jan"]
[Result "1-0"]
[Termination "normal"]
[Board "5.5"]
[WhiteElo "1729"]
[BlackElo "1875"]
[WhiteTeam "TuS Coswig"]
[BlackTeam "SG Solingen"]
[PlyCount "57"]
[WhiteFideId "24692247"]
[BlackFideId "1271566"]
[EventCountry "GER"]
[EventRounds "7"]
[EventType "team-swiss"]
[EventDate "2014.12.26"]

1. e4 c5 2. Nf3 d6 3. d4 cxd4 4. Nxd4 Nf6 5. Nc3 a6 6. Bg5 e6 7. f4 Be7 8. Qf3
Qc7 9. O-O-O h6 10. Bxf6 Bxf6 11. g4 Nd7 12. h4 Rb8 13. g5 hxg5 14. hxg5 Rxh1
15. Qxh1 Be7 16. g6 Nf6 17. f5 Bf8 18. Qg1 b5 19. gxf7+ Qxf7 20. Nc6 Rb7 21. e5
Ng8 22. Ne4 Rd7 23. Ng5 Qxf5 24. Bd3 Qf4+ 25. Kb1 Ne7 26. Rf1 Qxf1+ 27. Qxf1
Nxc6 28. Bg6+ Kd8 29. Nxe6+ 1-0

[Event "DVM U20 2014"]
[Site "Naumburg (Saale) GER"]
[Date "2014.12.28"]
[Round "3"]
[White "Andrä, Philipp"]
[Black "Zschuppe, Ludwig"]
[Result "1/2-1/2"]
[Termination "normal"]
[Board "5.6"]
[WhiteElo "1869"]
[BlackElo "1663"]
[WhiteTeam "SG Solingen"]
[BlackTeam "TuS Coswig"]
[PlyCount "43"]
[WhiteFideId "1271844"]
[BlackFideId "12985260"]
[EventCountry "GER"]
[EventRounds "7"]
[EventType "team-swiss"]
[EventDate "2014.12.26"]

1. e4 e5 2. Nf3 Nc6 3. Bc4 Bc5 4. c3 Nf6 5. d3 d6 6. O-O h6 7. Nbd2 O-O 8. Bb3
Ne7 9. Re1 Ng6 10. Nf1 Re8 11. Ng3 c6 12. h3 Qc7 13. d4 Bb6 14. Qd3 Bd7 15. Bd2
Rad8 16. Rad1 Bc8 17. d5 cxd5 18. exd5 Bd7 19. Bc2 a6 20. c4 Rc8 21. b3 Ba5 22.
Kh1 1/2-1/2

[Event "DVM U20 2014"]
[Site "Naumburg (Saale) GER"]
[Date "2014.12.28"]
[Round "3"]
[White "Martin, Julian"]
[Black "Preiß, Vincent"]
[Result "1-0"]
[Termination "normal"]
[Board "6.1"]
[WhiteElo "2132"]
[BlackElo "1844"]
[WhiteTeam "OSG Baden-Baden"]
[BlackTeam "SVG Saarbrücken"]
[PlyCount "43"]
[WhiteFideId "12941000"]
[BlackFideId "24660850"]
[EventCountry "GER"]
[EventRounds "7"]
[EventType "team-swiss"]
[EventDate "2014.12.26"]

1. e4 c5 2. Nf3 e6 3. c4 Nc6 4. d4 cxd4 5. Nxd4 Nf6 6. Nc3 Bb4 7. Nxc6 bxc6 8.
Bd3 e5 9. Bd2 O-O 10. O-O Rb8 11. Rb1 Bb7 12. a3 Be7 13. f4 Bc5+ 14. Kh1 Bd4
15. Ne2 d5 16. Nxd4 dxe4 17. fxe5 Qxd4 18. exf6 exd3 19. fxg7 Rfe8 20. Qh5 Qxg7
21. Rf3 Re6 22. Bc3 1-0

[Event "DVM U20 2014"]
[Site "Naumburg (Saale) GER"]
[Date "2014.12.28"]
[Round "3"]
[White "Mohit-Rodriguez, Dario"]
[Black "Tiemann, Tobias"]
[Result "0-1"]
[Termination "normal"]
[Board "6.2"]
[WhiteElo "1414"]
[BlackElo "1991"]
[WhiteTeam "SVG Saarbrücken"]
[BlackTeam "OSG Baden-Baden"]
[PlyCount "38"]
[WhiteFideId "36016047"]
[BlackFideId "4642350"]
[EventCountry "GER"]
[EventRounds "7"]
[EventType "team-swiss"]
[EventDate "2014.12.26"]

1. e4 c5 2. Nf3 e6 3. c4 Nc6 4. d4 cxd4 5. Nxd4 Nf6 6. Nc3 Qc7 7. Nxc6 dxc6 8.
Bd3 e5 9. O-O Bc5 10. a3 a5 11. Kh1 Ng4 12. Qf3 h5 13. Qe2 Qd8 14. Be3 Qh4 15.
h3 Bxe3 16. fxe3 Qg3 17. hxg4 hxg4+ 18. Kg1 Rh1+ 19. Kxh1 Qh4+ 0-1

[Event "DVM U20 2014"]
[Site "Naumburg (Saale) GER"]
[Date "2014.12.28"]
[Round "3"]
[White "Steimbach, Isabel"]
[Black "Chabakji, Hussein"]
[Result "1-0"]
[Termination "normal"]
[Board "6.3"]
[WhiteElo "1877"]
[BlackElo "1602"]
[WhiteTeam "OSG Baden-Baden"]
[BlackTeam "SVG Saarbrücken"]
[PlyCount "85"]
[WhiteFideId "24692174"]
[BlackFideId "16200411"]
[EventCountry "GER"]
[EventRounds "7"]
[EventType "team-swiss"]
[EventDate "2014.12.26"]

1. e4 c5 2. Nf3 d6 3. d4 cxd4 4. Nxd4 g6 5. Nc3 Bg7 6. Be3 Nc6 7. Qd2 Nf6 8. f3
Bd7 9. O-O-O a6 10. g4 Rc8 11. Kb1 Ne5 12. h4 b5 13. h5 Nc4 14. Bxc4 bxc4 15.
h6 Bf8 16. g5 Nh5 17. Nde2 Rb8 18. Nd5 e6 19. Bd4 exd5 20. Bxh8 Qb6 21. Bd4 Qb7
22. exd5 Ba4 23. Rde1 Kd7 24. Bc3 Be7 25. f4 Bd8 26. Nc1 Ba5 27. b3 cxb3 28.
cxb3 Bxc3 29. Qxc3 Qxd5 30. Ka1 Bc6 31. Qe3 Qe6 32. Qc3 Qd5 33. Rd1 Qf5 34.
Rhf1 Rc8 35. Qd4 Bd5 36. Nd3 f6 37. Nb4 Be6 38. Qxd6+ Ke8 39. Nc6 Rxc6 40.
Qxc6+ Bd7 41. Rfe1+ Kd8 42. Qb6+ Kc8 43. Re8+ 1-0

[Event "DVM U20 2014"]
[Site "Naumburg (Saale) GER"]
[Date "2014.12.28"]
[Round "3"]
[White "Schäfer, Nicolas"]
[Black "Toptschiev, David"]
[Result "1/2-1/2"]
[Termination "normal"]
[Board "6.4"]
[WhiteElo "1497"]
[BlackElo "1838"]
[WhiteTeam "SVG Saarbrücken"]
[BlackTeam "OSG Baden-Baden"]
[PlyCount "94"]
[WhiteFideId "12988901"]
[BlackFideId "12968005"]
[EventCountry "GER"]
[EventRounds "7"]
[EventType "team-swiss"]
[EventDate "2014.12.26"]

1. Nf3 c5 2. c4 g6 3. g3 Bg7 4. Bg2 Nc6 5. Nc3 e6 6. e3 d5 7. cxd5 exd5 8. d4
cxd4 9. exd4 Nge7 10. O-O O-O 11. Bg5 Be6 12. Re1 h6 13. Be3 Qb6 14. Na4 Qb5
15. Nc5 Nf5 16. Qd2 g5 17. h3 Nd6 18. b3 Ne4 19. Nxe4 dxe4 20. Nh2 Qd5 21. Rad1
Rad8 22. h4 Bf6 23. hxg5 hxg5 24. Qc2 Bf5 25. Qc5 Qxc5 26. dxc5 Rxd1 27. Rxd1
Nb4 28. c6 Nxc6 29. f3 exf3 30. Nxf3 g4 31. Ne1 a6 32. Bxc6 bxc6 33. Rd6 Be5
34. Rxc6 Bxg3 35. Bf2 Bxf2+ 36. Kxf2 Bc8 37. Kg3 f5 38. Nd3 Kg7 39. Nf4 Bb7 40.
Rc7+ Rf7 41. Ne6+ Kf6 42. Rxf7+ Kxf7 43. Nd8+ Kf6 44. Nxb7 Ke5 45. Nc5 Kd4 46.
Ne6+ Kc3 47. Nc5 a5 1/2-1/2

[Event "DVM U20 2014"]
[Site "Naumburg (Saale) GER"]
[Date "2014.12.28"]
[Round "3"]
[White "Weis, Olga"]
[Black "Dorscheid, Nico"]
[Result "1-0"]
[Termination "normal"]
[Board "6.5"]
[WhiteElo "1790"]
[BlackElo "1272"]
[WhiteTeam "OSG Baden-Baden"]
[BlackTeam "SVG Saarbrücken"]
[PlyCount "115"]
[WhiteFideId "1270234"]
[BlackFideId "16200420"]
[EventCountry "GER"]
[EventRounds "7"]
[EventType "team-swiss"]
[EventDate "2014.12.26"]

1. e4 c5 2. Nf3 Nc6 3. d4 cxd4 4. Nxd4 Nf6 5. Nc3 g6 6. Nb3 Bg7 7. Be2 d6 8.
O-O e6 9. Re1 O-O 10. Bf1 a6 11. Bg5 Qc7 12. Rb1 Bd7 13. Qd2 b5 14. a3 Ne5 15.
Rbd1 Nc4 16. Bxc4 bxc4 17. Nc1 Ne8 18. Be7 Qb6 19. Bxf8 Kxf8 20. b3 cxb3 21.
cxb3 Rc8 22. N1e2 Qxb3 23. Rc1 Qxa3 24. Nb1 Qb3 25. Rxc8 Bxc8 26. Nbc3 Bd7 27.
Rb1 Qc4 28. Rb8 Ke7 29. h3 Qc7 30. Qb2 Bb5 31. Rxb5 axb5 32. Qb4 Bxc3 33. Nxc3
Qc4 34. Qa5 b4 35. Nb5 Qc5 36. Qa4 d5 37. exd5 exd5 38. Na7 d4 39. Nc6+ Kd6 40.
Nxb4 Nc7 41. Nd3 Qc3 42. Qd1 Nd5 43. Qe2 Kc6 44. Qe8+ Kb6 45. Qb8+ Ka5 46. Qa8+
Kb5 47. Qxd5+ Ka4 48. Qa2+ Kb5 49. Qb1+ Kc4 50. Ne5+ Kd5 51. Nxf7 d3 52. Qb5+
Kd4 53. Qe5+ Kc4 54. Nd6+ Kb3 55. Qd5+ Kc2 56. Qa2+ Kd1 57. Qb1+ Ke2 58. Qf1+
1-0

[Event "DVM U20 2014"]
[Site "Naumburg (Saale) GER"]
[Date "2014.12.28"]
[Round "3"]
[White "Reim, Ulrich"]
[Black "Jurga, Jonas Vincent"]
[Result "0-1"]
[Termination "normal"]
[Board "6.6"]
[WhiteElo "1073"]
[BlackElo "1720"]
[WhiteTeam "SVG Saarbrücken"]
[BlackTeam "OSG Baden-Baden"]
[PlyCount "56"]
[WhiteFideId "16200438"]
[BlackFideId "12968013"]
[EventCountry "GER"]
[EventRounds "7"]
[EventType "team-swiss"]
[EventDate "2014.12.26"]

1. e4 c5 2. Nf3 d6 3. Bb5+ Bd7 4. Bxd7+ Qxd7 5. O-O Nc6 6. c3 e5 7. d4 cxd4 8.
cxd4 Nf6 9. Re1 a6 10. d5 Ne7 11. Nc3 Ng6 12. h3 Be7 13. Nh2 O-O 14. Ng4 Rac8
15. Bg5 Nxg4 16. Bxe7 Nxf2 17. Kxf2 Qxe7 18. g3 f5 19. exf5 Rxf5+ 20. Kg2 Rcf8
21. Ne4 Qf7 22. Qe2 Qc7 23. Rac1 Qa5 24. Red1 Ne7 25. Nxd6 Rf2+ 26. Qxf2 Rxf2+
27. Kxf2 Qb6+ 28. Rc5 Qxc5+ 0-1

[Event "DVM U20 2014"]
[Site "Naumburg (Saale) GER"]
[Date "2014.12.28"]
[Round "3"]
[White "Knopf, Felix"]
[Black "Kühne, Niklas"]
[Result "1-0"]
[Termination "normal"]
[Board "7.1"]
[WhiteElo "1926"]
[BlackElo "1778"]
[WhiteTeam "SV Merseburg"]
[BlackTeam "Meuselwitzer SV"]
[PlyCount "71"]
[WhiteFideId "24692204"]
[BlackFideId "24690015"]
[EventCountry "GER"]
[EventRounds "7"]
[EventType "team-swiss"]
[EventDate "2014.12.26"]

1. d4 d5 2. c4 e6 3. Nc3 Nf6 4. cxd5 exd5 5. Bg5 Be7 6. Qc2 c6 7. e3 Nbd7 8.
Bd3 h6 9. Bf4 a6 10. Nf3 O-O 11. h3 c5 12. O-O c4 13. Bf5 Re8 14. a4 Nf8 15.
Nd2 Bxf5 16. Qxf5 Ng6 17. Be5 Nd7 18. Bg3 Nf6 19. Rad1 Bb4 20. Be5 Nxe5 21.
dxe5 Bxc3 22. bxc3 Qd7 23. Qf4 Nh7 24. Nxc4 Qe6 25. Nd6 Re7 26. Nf5 Rc7 27. e4
dxe4 28. Rd6 Qc4 29. Qg4 Ng5 30. Nxh6+ gxh6 31. Rxh6 f6 32. exf6 Rc5 33. Rg6+
Kf7 34. Rxg5 Rxg5 35. Qxg5 Rg8 36. Qe5 1-0

[Event "DVM U20 2014"]
[Site "Naumburg (Saale) GER"]
[Date "2014.12.28"]
[Round "3"]
[White "Naundorf, Johannes"]
[Black "Heinrich, Julius Tobias"]
[Result "1/2-1/2"]
[Termination "normal"]
[Board "7.2"]
[WhiteElo "1802"]
[BlackElo "1989"]
[WhiteTeam "Meuselwitzer SV"]
[BlackTeam "SV Merseburg"]
[PlyCount "87"]
[WhiteFideId "12950009"]
[BlackFideId "12913847"]
[EventCountry "GER"]
[EventRounds "7"]
[EventType "team-swiss"]
[EventDate "2014.12.26"]

1. d4 d5 2. Nf3 Nf6 3. Bg5 Ne4 4. Bf4 g6 5. e3 Bg7 6. Nbd2 c5 7. Nxe4 dxe4 8.
Ne5 Nc6 9. Nxc6 bxc6 10. c3 cxd4 11. exd4 Be6 12. Qa4 Qb6 13. Ba6 O-O 14. O-O
Rfd8 15. Rab1 Rd5 16. b4 Rf5 17. Bg3 h5 18. Rfe1 g5 19. Rxe4 h4 20. Be5 Bxe5
21. Rxe5 Rxe5 22. dxe5 Rd8 23. Rb2 Rd5 24. Be2 Rxe5 25. Qc2 g4 26. Qd3 Rd5 27.
Qe4 Qd8 28. h3 g3 29. fxg3 hxg3 30. Qf4 Qd6 31. Qxd6 exd6 32. Kf1 Rf5+ 33. Bf3
Bd5 34. Ke2 Re5+ 35. Kd3 Bxf3 36. gxf3 Rh5 37. Rg2 Rxh3 38. Ke3 Kf8 39. Kf4
Rh4+ 40. Kxg3 Rc4 41. Rc2 d5 42. Kf2 d4 43. Ke2 dxc3 44. a3 1/2-1/2

[Event "DVM U20 2014"]
[Site "Naumburg (Saale) GER"]
[Date "2014.12.28"]
[Round "3"]
[White "Feuerherdt, Martin"]
[Black "Blumenthal, Clemens"]
[Result "1-0"]
[Termination "normal"]
[Board "7.3"]
[WhiteElo "1805"]
[BlackElo "1573"]
[WhiteTeam "SV Merseburg"]
[BlackTeam "Meuselwitzer SV"]
[PlyCount "57"]
[WhiteFideId "12910341"]
[BlackFideId "12938050"]
[EventCountry "GER"]
[EventRounds "7"]
[EventType "team-swiss"]
[EventDate "2014.12.26"]

1. e4 c5 2. Nf3 d6 3. d4 cxd4 4. Nxd4 Nf6 5. Nc3 a6 6. Be2 e5 7. Nb3 Be6 8. f4
exf4 9. Bxf4 Nc6 10. Nd4 Qb6 11. Nxe6 fxe6 12. Qd2 Qd4 13. O-O-O Qxd2+ 14. Rxd2
e5 15. Be3 O-O-O 16. Bc4 b5 17. Be6+ Kb8 18. Rhd1 Be7 19. a3 Kc7 20. g4 h6 21.
h4 b4 22. axb4 Nxb4 23. g5 hxg5 24. hxg5 Nd7 25. Na4 Nc5 26. Nxc5 dxc5 27. Rd7+
Kc6 28. Rxe7 Na2+ 29. Bxa2 1-0

[Event "DVM U20 2014"]
[Site "Naumburg (Saale) GER"]
[Date "2014.12.28"]
[Round "3"]
[White "Großmann, Dominic"]
[Black "Hoffmann, Dustin"]
[Result "1/2-1/2"]
[Termination "normal"]
[Board "7.4"]
[WhiteElo "1904"]
[BlackElo "1896"]
[WhiteTeam "Meuselwitzer SV"]
[BlackTeam "SV Merseburg"]
[PlyCount "116"]
[WhiteFideId "12950017"]
[BlackFideId "1270566"]
[EventCountry "GER"]
[EventRounds "7"]
[EventType "team-swiss"]
[EventDate "2014.12.26"]

1. d4 d5 2. Nf3 Nf6 3. e3 Bf5 4. c4 e6 5. Nc3 Nbd7 6. Qb3 dxc4 7. Bxc4 Nb6 8.
O-O Nxc4 9. Qxc4 Be7 10. Re1 c6 11. h3 O-O 12. e4 Bg6 13. Bg5 h6 14. Bxf6 Bxf6
15. Rad1 Rc8 16. Qb3 Qc7 17. e5 Be7 18. Rc1 Qb6 19. Qxb6 axb6 20. a3 Rfd8 21.
Red1 b5 22. Ne2 Rd7 23. Nf4 Be4 24. Ne2 Bxf3 25. gxf3 Rcd8 26. b4 Rd5 27. Re1
R8d7 28. Kg2 Bd8 29. Rc5 Bb6 30. Rxd5 Rxd5 31. Rd1 c5 32. Nc3 Rxd4 33. Rxd4
cxd4 34. Nxb5 f6 35. exf6 gxf6 36. Kf1 e5 37. Nd6 Kf8 38. Nxb7 Ke7 39. Na5 Bxa5
40. bxa5 Kd7 41. Ke2 Kc6 42. a4 Kb7 43. Kd3 Ka6 44. f4 Kxa5 45. fxe5 fxe5 46.
f4 exf4 47. Kxd4 Kxa4 48. Ke4 Kb5 49. Kxf4 Kc6 50. Kf5 Kd6 51. Kg6 Ke6 52. Kxh6
Kf6 53. h4 Kf7 54. Kh7 Kf8 55. h5 Kf7 56. h6 Kf8 57. Kh8 Kf7 58. h7 Kf8 1/2-1/2

[Event "DVM U20 2014"]
[Site "Naumburg (Saale) GER"]
[Date "2014.12.28"]
[Round "3"]
[White "Hoffmann, Lennard"]
[Black "Uhlig, Jessica"]
[Result "1-0"]
[Termination "normal"]
[Board "7.5"]
[WhiteElo "1768"]
[BlackElo "1276"]
[WhiteTeam "SV Merseburg"]
[BlackTeam "Meuselwitzer SV"]
[PlyCount "77"]
[WhiteFideId "12943495"]
[BlackFideId "16200446"]
[EventCountry "GER"]
[EventRounds "7"]
[EventType "team-swiss"]
[EventDate "2014.12.26"]

1. e4 e5 2. Nf3 Nc6 3. Bc4 Bc5 4. c3 Nf6 5. d3 O-O 6. O-O d6 7. h3 h6 8. Nbd2
Bd7 9. Bb3 Nh5 10. Re1 Qf6 11. Nf1 Nf4 12. Bxf4 Qxf4 13. d4 exd4 14. cxd4 Bb6
15. Ng3 Qf6 16. Nh5 Qg6 17. Nf4 Qf6 18. Nd5 Qg6 19. Bc2 Bxh3 20. Nf4 Qf6 21.
Nxh3 Rfe8 22. Ba4 Re7 23. Bxc6 bxc6 24. Rc1 c5 25. e5 dxe5 26. dxe5 Qe6 27. b3
g5 28. Nh2 Rf8 29. Qh5 Kg7 30. Ng4 Rh8 31. Nf6 c6 32. Rc4 Qf5 33. Ng4 Qe6 34.
f4 Ree8 35. Nf6 Rd8 36. fxg5 hxg5 37. Qxg5+ Kf8 38. Nf4 Qe7 39. N4h5 1-0

[Event "DVM U20 2014"]
[Site "Naumburg (Saale) GER"]
[Date "2014.12.28"]
[Round "3"]
[White "Kohl, Natalie"]
[Black "Le Hong, Quang Anh"]
[Result "0-1"]
[Termination "normal"]
[Board "7.6"]
[WhiteElo "1145"]
[BlackElo "1536"]
[WhiteTeam "Meuselwitzer SV"]
[BlackTeam "SV Merseburg"]
[PlyCount "52"]
[WhiteFideId "12967408"]
[BlackFideId "12927589"]
[EventCountry "GER"]
[EventRounds "7"]
[EventType "team-swiss"]
[EventDate "2014.12.26"]

1. e4 c5 2. Nf3 d6 3. d4 cxd4 4. Nxd4 Nf6 5. Nc3 a6 6. Be3 b5 7. a3 Bb7 8. Bd3
Nbd7 9. Nf3 Rc8 10. Qe2 Qc7 11. O-O g6 12. Rfd1 Bg7 13. Bd4 O-O 14. e5 Bxf3 15.
gxf3 dxe5 16. Be3 e6 17. Qd2 Rfd8 18. f4 Nh5 19. fxe5 Nxe5 20. Qe2 Nxd3 21.
Rxd3 Rxd3 22. Qxd3 Bxc3 23. bxc3 Qxc3 24. Bd4 Qxc2 25. Rd1 Qxd3 26. Rxd3 Rc1+
0-1

[Event "DVM U20 2014"]
[Site "Naumburg (Saale) GER"]
[Date "2014.12.28"]
[Round "3"]
[White "Eichstaedt, Mirko"]
[Black "Kotainy, Jens"]
[Result "1/2-1/2"]
[Termination "normal"]
[Board "8.1"]
[BlackTitle "IM"]
[WhiteElo "1999"]
[BlackElo "2397"]
[WhiteTeam "USV Potsdam"]
[BlackTeam "SG Bochum"]
[PlyCount "131"]
[WhiteFideId "24692310"]
[BlackFideId "24670499"]
[EventCountry "GER"]
[EventRounds "7"]
[EventType "team-swiss"]
[EventDate "2014.12.26"]

1. d4 e6 2. c4 f5 3. g3 Nf6 4. Bg2 d5 5. Nh3 c6 6. O-O Be7 7. b3 O-O 8. Ba3 a5
9. Bxe7 Qxe7 10. Nd2 Nbd7 11. Nf4 b6 12. Nd3 Ba6 13. Rc1 Rac8 14. Nf3 Qa3 15.
Rc2 Ne4 16. Nfe5 Nxe5 17. Nxe5 Rfd8 18. Qc1 Qd6 19. Qb2 dxc4 20. Bxe4 fxe4 21.
Nxc4 Bxc4 22. Rxc4 b5 23. Rc2 Qxd4 24. Qxd4 Rxd4 25. Rfc1 Rd6 26. e3 Kf7 27. a4
b4 28. Rc5 Rd5 29. Rxc6 Rxc6 30. Rxc6 Kf6 31. Kg2 h6 32. h3 g6 33. g4 g5 34.
Rc8 Rd3 35. Rc5 Rd5 36. Rc8 Rd3 37. Ra8 Rd5 38. Rh8 Kg7 39. Rb8 Kf6 40. Rh8 Kg7
41. Ra8 Kf6 42. Kg3 Rc5 43. h4 Rc3 44. Rxa5 Rxb3 45. Rb5 Rb1 46. a5 b3 47. a6
b2 48. a7 Ra1 49. Rxb2 Rxa7 50. Rb8 gxh4+ 51. Kxh4 Ra1 52. Rf8+ Ke5 53. Kh3 Rg1
54. Rf4 Ra1 55. Kg2 Ra8 56. Rf7 h5 57. gxh5 Rh8 58. Ra7 Kf5 59. Kg3 Rxh5 60.
Ra5+ e5 61. Kg2 Rg5+ 62. Kf1 Rg8 63. Ke2 Rb8 64. Ra2 Kg4 65. Ra7 Rb1 66. Ra8
1/2-1/2

[Event "DVM U20 2014"]
[Site "Naumburg (Saale) GER"]
[Date "2014.12.28"]
[Round "3"]
[White "Thanabalasingam, Ajandhan"]
[Black "Cech, Tim"]
[Result "1/2-1/2"]
[Termination "normal"]
[Board "8.2"]
[WhiteElo "2007"]
[BlackElo "1803"]
[WhiteTeam "SG Bochum"]
[BlackTeam "USV Potsdam"]
[PlyCount "47"]
[WhiteFideId "24601659"]
[BlackFideId "1270258"]
[EventCountry "GER"]
[EventRounds "7"]
[EventType "team-swiss"]
[EventDate "2014.12.26"]

1. e4 e6 2. d4 d5 3. Nc3 Nf6 4. e5 Nfd7 5. f4 c5 6. Nf3 Nc6 7. Be3 cxd4 8. Nxd4
Bc5 9. Qd2 Bxd4 10. Bxd4 Nxd4 11. Qxd4 Qb6 12. O-O-O Qxd4 13. Rxd4 a6 14. Rd1
Ke7 15. Bd3 Nc5 16. Ne2 Bd7 17. Nd4 Rhc8 18. Kb1 b5 19. h4 h5 20. Rh3 g6 21.
Rg3 Nb7 22. Rg5 Na5 23. b3 Nc6 24. Nxc6+ 1/2-1/2

[Event "DVM U20 2014"]
[Site "Naumburg (Saale) GER"]
[Date "2014.12.28"]
[Round "3"]
[White "Werthmann, Nils"]
[Black "Giraud, Valerian"]
[Result "1/2-1/2"]
[Termination "normal"]
[Board "8.3"]
[WhiteElo "1794"]
[BlackElo "1982"]
[WhiteTeam "USV Potsdam"]
[BlackTeam "SG Bochum"]
[PlyCount "70"]
[WhiteFideId "1270257"]
[BlackFideId "12920355"]
[EventCountry "GER"]
[EventRounds "7"]
[EventType "team-swiss"]
[EventDate "2014.12.26"]

1. Nf3 Nf6 2. b3 g6 3. Bb2 Bg7 4. d4 O-O 5. Nbd2 d6 6. e3 Nbd7 7. Bd3 e5 8. O-O
Re8 9. dxe5 Ng4 10. Rb1 Ngxe5 11. Be2 a5 12. a4 Qe7 13. Nc4 Nxc4 14. Bxc4 Bxb2
15. Rxb2 Ne5 16. Nxe5 Qxe5 17. Rb1 Be6 18. Bxe6 Rxe6 19. Qd3 Rae8 20. Rfd1 Kg7
21. Qd5 Qxd5 22. Rxd5 b6 23. Rbd1 f5 24. g3 Kf6 25. h4 Ke7 26. Kg2 Re4 27. h5
Kf6 28. hxg6 hxg6 29. Rh1 Kg7 30. Kf3 Rh8 31. Rxh8 Kxh8 32. Ke2 Kg7 33. Kd3 Kf6
34. Rd4 Re8 35. Kc4 Re5 1/2-1/2

[Event "DVM U20 2014"]
[Site "Naumburg (Saale) GER"]
[Date "2014.12.28"]
[Round "3"]
[White "Stricker, Florian"]
[Black "Ender, Paul Marius"]
[Result "1-0"]
[Termination "normal"]
[Board "8.4"]
[WhiteElo "2148"]
[BlackElo "1555"]
[WhiteTeam "SG Bochum"]
[BlackTeam "USV Potsdam"]
[PlyCount "71"]
[WhiteFideId "12976385"]
[BlackFideId "12936545"]
[EventCountry "GER"]
[EventRounds "7"]
[EventType "team-swiss"]
[EventDate "2014.12.26"]

1. d4 d5 2. c4 e6 3. Nf3 c6 4. Nc3 Bd6 5. Qc2 f5 6. g3 Nf6 7. Bg2 h6 8. cxd5
exd5 9. Nh4 Ne4 10. Ng6 Rg8 11. Ne5 Nd7 12. Nxe4 fxe4 13. Nxd7 Bxd7 14. f3 Bb4+
15. Bd2 Bxd2+ 16. Qxd2 exf3 17. Bxf3 Qe7 18. O-O-O O-O-O 19. Kb1 Rgf8 20. Rc1
Kb8 21. Rc3 Bg4 22. Re3 Qd7 23. Rc1 Bxf3 24. exf3 Rde8 25. Rce1 Rxe3 26. Qxe3
Qf5+ 27. Ka1 Qxf3 28. Qe5+ Kc8 29. Qxg7 Qf2 30. Qe5 Qf6 31. Qe3 Kc7 32. a3 Kd8
33. Qc3 Kd7 34. Qb4 Kc8 35. Ka2 Qf7 36. Re7 1-0

[Event "DVM U20 2014"]
[Site "Naumburg (Saale) GER"]
[Date "2014.12.28"]
[Round "3"]
[White "Shevelko, Alexander"]
[Black "Budszuhn, Timo"]
[Result "1-0"]
[Termination "normal"]
[Board "8.5"]
[WhiteElo "1643"]
[BlackElo "1989"]
[WhiteTeam "USV Potsdam"]
[BlackTeam "SG Bochum"]
[PlyCount "123"]
[WhiteFideId "12952125"]
[BlackFideId "1270607"]
[EventCountry "GER"]
[EventRounds "7"]
[EventType "team-swiss"]
[EventDate "2014.12.26"]

1. e4 e5 2. Nc3 Nc6 3. Nf3 Nf6 4. Bb5 d6 5. O-O Bd7 6. d3 Be7 7. Bd2 O-O 8. Re1
a6 9. Ba4 Re8 10. Be3 Bf8 11. h3 h6 12. Qd2 b5 13. Bb3 Na5 14. d4 c5 15. dxe5
dxe5 16. Bd5 Rb8 17. b3 Qc7 18. Rad1 Rbd8 19. Qe2 b4 20. Nb1 Bb5 21. c4 bxc3
22. Qc2 Nxd5 23. exd5 e4 24. Nh2 Bd3 25. Qxc3 Rxd5 26. Nd2 f5 27. Nhf1 g5 28.
g3 Bg7 29. Qc1 f4 30. Nxe4 Bxe4 31. Bxf4 Rxd1 32. Bxc7 Rxc1 33. Rxc1 Nb7 34.
Ne3 Rc8 35. Bb6 Rc6 36. Ba7 Kf7 37. Rd1 Ke6 38. Nc4 Bd5 39. Re1+ Kd7 40. Nb6+
Kd8 41. Nxd5 Rd6 42. Bb6+ Kd7 43. Re7+ Kc6 44. Rxg7 Rxd5 45. Rg6+ Rd6 46. Rxd6+
Kxd6 47. a3 Kc6 48. Ba7 a5 49. Bb8 Kd5 50. f4 a4 51. bxa4 c4 52. Kf2 Ke4 53.
Bc7 Nc5 54. fxg5 hxg5 55. a5 c3 56. Ke2 Nb3 57. Bb6 c2 58. Be3 Nd4+ 59. Kf2 Kd3
60. a6 Nb3 61. a7 Nd2 62. Bxd2 1-0

[Event "DVM U20 2014"]
[Site "Naumburg (Saale) GER"]
[Date "2014.12.28"]
[Round "3"]
[White "Pilat, Fabian"]
[Black "Glagau, Lars"]
[Result "1-0"]
[Termination "normal"]
[Board "8.6"]
[WhiteElo "1919"]
[BlackElo "1441"]
[WhiteTeam "SG Bochum"]
[BlackTeam "USV Potsdam"]
[PlyCount "59"]
[WhiteFideId "24683396"]
[BlackFideId "16200390"]
[EventCountry "GER"]
[EventRounds "7"]
[EventType "team-swiss"]
[EventDate "2014.12.26"]

1. e4 e5 2. Nf3 Nf6 3. d4 exd4 4. e5 Ne4 5. Qxd4 d5 6. exd6 Nxd6 7. Nc3 Nc6 8.
Qd1 Be7 9. Be2 O-O 10. Bf4 Be6 11. O-O a6 12. Nd5 Bxd5 13. Qxd5 Re8 14. c3 Bf8
15. Bd1 Qf6 16. Bg3 Qe6 17. Qh5 g6 18. Qh4 h6 19. Bb3 Qe7 20. Qg4 Bg7 21. Qxg6
Kf8 22. Qh5 Qf6 23. Nh4 Rac8 24. Rad1 Ne4 25. Rd7 Re7 26. Rxe7 Nxe7 27. Qg4
Nxg3 28. fxg3 Qb6+ 29. Kh1 Bf6 30. Qh5 1-0